00635nam a2200217Ia 4500003000900000008004100009040001300050040001300063041000800076100002100084245004600105250000900151260002100160260000900181300000800190490000800198490000700206942000700213999001300220952018400233IT-RoPAU120407s9999 xx 000 0 und d aIT-RoPAU cIT-RoPAU aita aRaimondo Spiazzi aIl cristianesimo religione soprannaturale aRoma aEdizioni Paoline c1963 c cm aBcr v35 cBK c178d178 00102ddc406208_23350000000000071aPAULUSbPAULUSd2012-04-11l0o 208.2335r2012-04-11 00:00:00w2012-04-11yBKzInserito da: In data: n.d. fondo: Via A.Severo 56 Progr:12310